000
00257 a2200121 4500
001
39795
082
_a
536.2 HOL
090
_c
24801
_d
24801
100
_a
Holman JP
245
_a
Heat transfer, 7/e
250
_a
7
260
_a
London
_b
McGraw-Hill
_c
1992
942
_a
NUST-CAE
_k
536.2 HOL
999
_c
274868
_d
274868